000 00444nmm a2200157Ia 4500
008 251105s9999||||xx |||||||||||||||||und||
020 _a9789560101679
041 _aspa
100 _aAlcalde, Alfonso
245 0 _aCuentos completos
264 _a[Santiago de Chile, Chile] :
_bRil editores,
_c2014
300 _a526 páginas
650 _aLatin American narrative
856 _uhttps://public.digitaliapublishing.com/a/37326
942 _cCF
999 _c93675
_d93675